00806nam a2200205 a 450000100100000000500170001000800410002704000250006810000260009324500580011926000440017730000280022149000060024949000270025559000760028283000130035883000340037195201780040599900170058300003562720200930074502.0111107s1964 fr a 000 0 spa d aDO-SdBNPbspacBNPHU1 aSorlin, Pierre96153613aLa société sociétique 1917-1964 /Pierre Sorlin. aParis :bLibrairie Armand Colin,c1964. a279 p. :bil. ;c23 cm.1 aU1 aHistoire contemporaine aPerteneció a la biblioteca personal de Juan Isidro Jimenes Grullón. 0aU961537 0aHistoire contemporaine961538 001050718MOaGRbGRcCTd2011-11-07iLF1l0o p35627-10r2020-06-25w2020-06-25y1zPerteneció a la biblioteca personal de Juan Isidro Jimenes Grullón.ZNo se presta c35118d35118